Autour du Champ des Souchets et du Champ des Offrandes /

محفوظ في:

المؤلف الرئيسي: Bayoumi, Abbas (مؤلف)

مؤلف مشترك: Egypt. Maṣlaḥat al-Āthār.

التنسيق: كتاب

اللغة: French

منشور في: Le Caire : Imprimerie Nationale Boulac, 1940.

الموضوعات:

الوسوم: إضافة وسم

لا توجد وسوم, كن أول من يضع وسما على هذه التسجيلة!

رقم الطلب: BL2443 .B3 1940

LEADER 00817nam a2200265Ma 4500
001 6209
003 OSt
005 20250929111222.0
008 130303s1940 ua b 000 0 fre d
035 |a ocm20469379 
040 |c ARCE Library 
043 |a f-ua--- 
050 4 |a BL2443 .B3 1940 
100 1 |a Bayoumi, Abbas,  |e author 
245 1 0 |a Autour du Champ des Souchets et du Champ des Offrandes /  |c Abbas Bayoumi. 
264 1 |a Le Caire :  |b Imprimerie Nationale Boulac,  |c 1940. 
300 |a 123 pages ;  |c 27 cm. 
500 |a At head of title : Service des Antiquities de l'Egypte. 
504 |a Includes bibliographical references. 
630 0 0 |a Pyramid texts. 
650 0 |a Funeral rites and ceremonies  |z Egypt. 
710 1 |a Egypt.  |b Maṣlaḥat al-Āthār. 
901 |a reviewed 
942 |c BK  |2 lcc 
999 |c 4870  |d 4870